Statistics for Georgetown University Schools

Click here to take the quiz!

General Stats

  • This quiz has been taken 14 times
  • The average score is 10 of 12

Answer Stats

YearSchool% Correct
1789Georgetown College
100%
1957McDonough School of Business
93%
2022*School of Health
93%
1851School of Medicine
86%
2022*School of Nursing
86%
1903*School of Nursing and Health Studies
86%
1919Walsh School of Foreign Service
86%
2013McCourt School of Public Policy
79%
2005Georgetown University in Qatar
71%
1870Law Center
71%
1820Graduate School of Arts and Sciences
57%
1956School of Continuing Studies
57%

Score Distribution

Percentile by Number Answered

Percent of People with Each Score

Your Score History

You have not taken this quiz